000 02792cam a22004694i 4500
003 PE-LiUPU
005 20250731165404.0
008 151002s2014 pe a grm 000 0 spa d
035 _a(Sirsi) a154746
040 _aPE-LiUPU
_bspa
_cPE-LiUPU
_erda
082 0 4 _a248.686732
_bM77 T3
099 _aTA 3
_bM77 2014
100 1 _aMontero Guerrero, Jorge Alberto
_eautor
245 1 _aLiderazgo pastoral y mayordomía de ingresos económicos de la Misión Centro Oeste del Perú, 2012-2013 /
_cJorge Alberto Montero Guerrero.
264 0 _c2014.
300 _a106 hojas :
_bilustraciones;
_c30 cm
336 _atext
_2rdacontent
337 _aunmediated
_2rdamedia
338 _avolume
_2rdacarrier
502 _aTesis
_b(Mg.) --
_cUniversidad Peruana Unión,
_d2014.
504 _aIncluye lista de referencias
520 3 _aLos cambios que vienen ocurriendo durante los últimos años en las organizaciones, trajeron a discusión la importancia del liderazgo ejercido por las personas y la influencia en su desarrollo y crecimiento. La Iglesia Adventista no queda al margen del liderazgo, del cual depende el presente y el futuro: en este contexto, nace la presente investigación, con el objetivo de determinar la relación del liderazgo del Pastor con la mayordomía de ingresos económicos de la MICOP, 2013-2013. El estudio es cuantitativo, descriptivo correlacional, transversal. Se aplicó el instrumento "Cuestionario multifactorial de liderazgo", elaborando por Bernard Bass y Bruce Avolio en la Universidad de Binghamton en Nueva York. Este instrumento se aplicó en diversos países y en distintos idiomas. El proceso de recolección de datos se realizó con la autorización de la Junta Administrativa de la MiCOP. Adicionalmente se realizó una reunión con los administradores del campo (focus group), recabándose información respecto del estilo de liderazgo que, en opinión de los administradores, tienen sus pastores distritales. Se pudo determinar que existe una relación significativa entre el estilo de liderazgo de los pastores distritales y los mayordomía de ingresos económicos de la Misión Centro Oeste del Perú, 2012-2013.
526 _aSEG44
526 _aSEG26
526 _aP151
526 _aP150
526 _aP149
526 _aP146
526 _aP145
526 _aP126
526 _aP125
526 _aP92
526 _aP75
526 _aP74
526 _aP27
526 _aP15
650 0 4 _aLiderazgo cristiano
_xMayordomía cristianavTesis.
610 0 4 _aAdventistas del Séptimo Día
_xAdministración
_vTesis.
596 _a1
942 _2ddc
_cTESIS
999 _aTA 3 M77 2014
_wALPHANUM
_c7445
_iT01588
_lCCODEBUL3
_mBUL
_r1
_sY
_tTESIS
_u2015-10-2
_xPOSGRADO
_PP47
_o.STAFF. Tesis
_d7445
980 _81
_gALBERTO SANCHEZ Responsable de Automatización